| 000 | 00621 a2200145 4500 | ||
|---|---|---|---|
| 999 |
_c3780 _d3780 |
||
| 020 | _a9780199129065 | ||
| 050 | _aQA75.5 DOY 2012 | ||
| 100 |
_aDoyle, Stephen, _d 1954- _eauthor |
||
| 245 |
_aComplete ICT for Cambridge IGCSE / _cStephen Doyle |
||
| 264 |
_aOxford : _bOxford University Press, _c2015 |
||
| 300 | _a284 pages : illustrations (colour) ; 28 cm + 1 CD-ROM | ||
| 500 | _aCD-ROM in plastic pocket attached to inside back cover. CD-ROM contains PDF material supplementing the student book. Includes index. | ||
| 650 | _a Information technology -- Examinations -- Study guides. | ||
| 942 |
_2lcc _cBK _h75.5 _iDOY _kQA |
||